Every LEGO Marvel Super Heroes Minifigure Released in 2022 - Statistics

General Stats
  • This quiz has been taken 15 times
  • The average score is 36 of 47
Answer Stats
Set Name # Answer % Correct
Mech 76203 Iron Man
92%
Mark 25
92%
Iron Man Armory 76216 Mark 3
92%
Mark 85
92%
Mighty Thor
92%
[...]'s Techno Trike 10781 Spider-Man (Miles Morales)
92%
Mech Battle 76219 Spider-Man (Peter Parker)
92%
Thor
92%
Hulkbuster 76210 Tony Stark
92%
Black Panther: War on the Water 76214 Black Panther (Shuri)
83%
[...]'s Lab 76212 Black Panther (T'Challa)
83%
Sanctum Sanctorum 76218 Defender Strange
83%
Doctor Strange
83%
Mech Battle 76219 Green Goblin
83%
Ironheart
83%
The Goat Boat 76208 Korg
83%
Endgame Battle 40525 Miek
83%
King [...]'s Throne Room 76213 Namor
83%
Okoye
83%
Shuri
83%
Sinister Strange
83%
Valkyrie
83%
War Machine
83%
Wong
83%
Gargantos Showdown 76205 America Chavez
75%
[...]'s Sunbird 76211 Attuma
75%
[...] at [...]'s Lab 10783 Doctor Octopus (Carolyn Trainer)
75%
Attack on New Asgard 76207 Gorr the God Butcher
75%
[...] vs. [...] Truck Showdown 10782 Hulk
75%
Master Mordo
75%
Pepper Potts
75%
Whiplash
75%
Advent Calendar 76231 Drax the Destroyer
67%
Ebony Maw
67%
Ghost Spider
67%
Mantis
67%
Nakia
67%
Nebula
67%
Nick Fury
67%
Rhino
67%
Rocket Raccoon
67%
Star-Lord
67%
Groot
58%
M'Baku
58%
Scarlet Witch
58%
Mech 76202 Wolverine
58%
[...] Webquarters Hangout 10784 Ms. Marvel
42%
No matching quizzes found
Score Distribution
Percent of People with Each Score
Percentile by Number Answered
Your Score History
You have not taken this quiz